[Event "Benidorm Satellite preliminary"]
[Site "playchess.com #007036"]
[Date "2009.10.24"]
[Round "4"]
[White "Florin G"]
[Black "Slobster"]
[Result "1-0"]
[WhiteElo "1839"]
[BlackElo "1668"]
[PlyCount "139"]
[EventDate "2009.10.24"]
[EventType "swiss (blitz)"]

1. e4 {[%emt 0:00:04]} c5 {[%emt 0:00:00]} 2. Nf3 {[%emt 0:00:01]} Nc6 {[%emt
0:00:00]} 3. d4 {[%emt 0:00:01]} cxd4 {[%emt 0:00:01]} 4. Nxd4 {[%emt 0:00:01]}
e5 {[%emt 0:00:00]} 5. Nb5 {[%emt 0:00:01]} d6 {[%emt 0:00:01]} 6. N1c3 {[%emt
0:00:02]} Nf6 {[%emt 0:00:03]} 7. Bg5 {[%emt 0:00:02]} Be7 {[%emt 0:00:01]} 8.
Bd3 {[%emt 0:00:13]} a6 {[%emt 0:00:02]} 9. Na3 {[%emt 0:00:01]} b5 {[%emt 0:
00:01]} 10. Bxf6 {[%emt 0:00:06]} Bxf6 {[%emt 0:00:13]} 11. Nd5 {[%emt 0:00:02]
} O-O {[%emt 0:00:04]} 12. c3 {[%emt 0:00:03]} Be6 {[%emt 0:00:02]} 13. Nxf6+ {
[%emt 0:00:08]} Qxf6 {[%emt 0:00:02]} 14. O-O {[%emt 0:00:02]} d5 {[%emt 0:00:
02]} 15. exd5 {[%emt 0:00:05]} Bxd5 {[%emt 0:00:01]} 16. Bxh7+ {[%emt 0:00:02]}
Kxh7 {[%emt 0:00:02]} 17. Qxd5 {[%emt 0:00:01]} Rad8 {[%emt 0:00:04]} 18. Qe4+
{[%emt 0:00:02]} g6 {[%emt 0:00:11]} 19. Rfe1 {[%emt 0:00:02]} Rd2 {[%emt 0:00:
08]} 20. Re2 {[%emt 0:00:14]} Rfd8 {[%emt 0:00:03]} 21. Rae1 {[%emt 0:00:07]}
Rd1 {[%emt 0:00:15]} 22. Nc2 {[%emt 0:00:33]} Qd6 {[%emt 0:00:26]} 23. Ne3 {
[%emt 0:00:18]} Rxe1+ {[%emt 0:00:06]} 24. Rxe1 {[%emt 0:00:01]} Qd2 {[%emt 0:
00:22]} 25. Rf1 {[%emt 0:00:10]} Qd6 {[%emt 0:00:31]} 26. Ng4 {[%emt 0:00:05]}
f5 {[%emt 0:00:10]} 27. Qf3 {[%emt 0:00:31]} fxg4 {[%emt 0:00:02]} 28. Qxg4 {
[%emt 0:00:01]} Qd7 {[%emt 0:00:04]} 29. Qh4+ {[%emt 0:00:03]} Kg7 {[%emt 0:00:
02]} 30. Qg5 {[%emt 0:00:02]} Qe7 {[%emt 0:00:03]} 31. Qe3 {[%emt 0:00:03]} Qd6
{[%emt 0:00:09]} 32. h4 {[%emt 0:00:03]} Ne7 {[%emt 0:00:06]} 33. Qg5 {[%emt 0:
00:04]} Qf6 {[%emt 0:00:03]} 34. Qg3 {[%emt 0:00:04]} Nf5 {[%emt 0:00:05]} 35.
Qf3 {[%emt 0:00:10]} Nxh4 {[%emt 0:00:17]} 36. Qb7+ {[%emt 0:00:01]} Kh6 {
[%emt 0:00:06]} 37. Qe4 {[%emt 0:00:01]} Qg5 {[%emt 0:00:11]} 38. Re1 {[%emt 0:
00:05]} Rf8 {[%emt 0:00:04]} 39. Rd1 {[%emt 0:00:14]} Nf3+ {[%emt 0:00:06]} 40.
Kf1 {[%emt 0:00:07]} Nh2+ {[%emt 0:00:01]} 41. Kg1 {[%emt 0:00:04]} Ng4 {[%emt
0:00:01]} 42. f3 {[%emt 0:00:14] .} Nf6 {[%emt 0:00:03]} 43. Qb4 {[%emt 0:00:
03]} Qe3+ {[%emt 0:00:02]} 44. Kh1 {[%emt 0:00:03]} Qf4 {[%emt 0:00:03]} 45.
Qxf8+ {[%emt 0:00:03]} Kg5 {[%emt 0:00:03]} 46. Qd6 {[%emt 0:00:02]} Qh4+ {
[%emt 0:00:02]} 47. Kg1 {[%emt 0:00:01]} Qf4 {[%emt 0:00:01]} 48. Qd2 {[%emt 0:
00:02]} Nh5 {[%emt 0:00:03]} 49. Qxf4+ {[%emt 0:00:01]} Nxf4 {[%emt 0:00:00]}
50. Kf2 {[%emt 0:00:01]} Kf5 {[%emt 0:00:03]} 51. Rd2 {[%emt 0:00:02]} Ke6 {
[%emt 0:00:02]} 52. g3 {[%emt 0:00:01]} Nd5 {[%emt 0:00:01]} 53. Rc2 {[%emt 0:
00:04]} Nb6 {[%emt 0:00:00]} 54. b3 {[%emt 0:00:01]} Kd5 {[%emt 0:00:02]} 55.
Ke3 {[%emt 0:00:02]} a5 {[%emt 0:00:01]} 56. f4 {[%emt 0:00:01]} exf4+ {[%emt
0:00:03]} 57. Kxf4 {[%emt 0:00:01]} a4 {[%emt 0:00:00]} 58. bxa4 {[%emt 0:00:
02]} Nxa4 {[%emt 0:00:03]} 59. Kg5 {[%emt 0:00:01]} Nc5 {[%emt 0:00:02]} 60.
Kxg6 {[%emt 0:00:02]} Ne4 {[%emt 0:00:00]} 61. g4 {[%emt 0:00:01]} Kc4 {[%emt
0:00:00]} 62. g5 {[%emt 0:00:03]} Kd3 {[%emt 0:00:01]} 63. Rb2 {[%emt 0:00:04]}
Kc4 {[%emt 0:00:11]} 64. Kf5 {[%emt 0:00:04]} Nd6+ {[%emt 0:00:01]} 65. Ke6 {
[%emt 0:00:02]} Ne8 {[%emt 0:00:03]} 66. g6 {[%emt 0:00:01]} Ng7+ {[%emt 0:00:
01]} 67. Kf7 {[%emt 0:00:01]} Nh5 {[%emt 0:00:02]} 68. g7 {[%emt 0:00:01]} Nxg7
{[%emt 0:00:02]} 69. Kxg7 {[%emt 0:00:01]} Kxc3 {[%emt 0:00:00]} 70. Rxb5 {
[%emt 0:00:01] Slobster ger upp} 1-0

[Event "Benidorm Satellite preliminary"]
[Site "playchess.com #007036"]
[Date "2009.10.24"]
[Round "4"]
[White "BLiTzcHAmP"]
[Black "Us6"]
[Result "1-0"]
[WhiteElo "2731"]
[BlackElo "2553"]
[PlyCount "171"]
[EventDate "2009.10.24"]
[EventType "swiss (blitz)"]

1. e4 {[%emt 0:00:01]} c5 {[%emt 0:00:01]} 2. Nf3 {[%emt 0:00:01]} d6 {[%emt 0:
00:02]} 3. d4 {[%emt 0:00:02]} Nf6 {[%emt 0:00:01]} 4. Nc3 {[%emt 0:00:01]}
cxd4 {[%emt 0:00:01]} 5. Nxd4 {[%emt 0:00:00]} a6 {[%emt 0:00:01]} 6. Bc4 {
[%emt 0:00:01]} e6 {[%emt 0:00:02]} 7. Bb3 {[%emt 0:00:01]} b5 {[%emt 0:00:01]}
8. Bg5 {[%emt 0:00:01]} Nbd7 {[%emt 0:00:01]} 9. Qf3 {[%emt 0:00:08]} Qc7 {
[%emt 0:00:01]} 10. O-O-O {[%emt 0:00:04]} Bb7 {[%emt 0:00:06]} 11. Bxe6 {
[%emt 0:00:05]} fxe6 {[%emt 0:00:04]} 12. Nxe6 {[%emt 0:00:00]} Qc4 {[%emt 0:
00:07]} 13. Nd5 {[%emt 0:00:28]} Rc8 {[%emt 0:00:09]} 14. c3 {[%emt 0:00:07]}
Qxa2 {[%emt 0:00:28]} 15. Nxf6+ {[%emt 0:00:09]} Nxf6 {[%emt 0:00:05]} 16. Nxf8
{[%emt 0:00:44]} Rxf8 {[%emt 0:00:10]} 17. Rhe1 {[%emt 0:00:02]} b4 {[%emt 0:
00:19]} 18. Re3 {[%emt 0:00:23]} Qa1+ {[%emt 0:00:13]} 19. Kc2 {[%emt 0:00:05]}
Qa4+ {[%emt 0:00:07]} 20. Kc1 {[%emt 0:00:12]} bxc3 {[%emt 0:00:11]} 21. bxc3 {
[%emt 0:00:03]} Bxe4 {[%emt 0:00:13]} 22. Qe2 {[%emt 0:00:08]} Qa1+ {[%emt 0:
00:53]} 23. Kd2 {[%emt 0:00:03]} Qb2+ {[%emt 0:00:00]} 24. Ke1 {[%emt 0:00:01]}
Qxe2+ {[%emt 0:00:01]} 25. Kxe2 {[%emt 0:00:00]} d5 {[%emt 0:00:01]} 26. f3 {
[%emt 0:00:02]} Kf7 {[%emt 0:00:05]} 27. Bxf6 {[%emt 0:00:08]} Kxf6 {[%emt 0:
00:01]} 28. fxe4 {[%emt 0:00:01]} dxe4 {[%emt 0:00:00]} 29. Rd6+ {[%emt 0:00:
02]} Ke5 {[%emt 0:00:03]} 30. Rxa6 {[%emt 0:00:01]} Rb8 {[%emt 0:00:03]} 31.
Ra5+ {[%emt 0:00:01]} Kd6 {[%emt 0:00:02]} 32. Ra2 {[%emt 0:00:07]} Rfe8 {
[%emt 0:00:01]} 33. Rd2+ {[%emt 0:00:03]} Kc5 {[%emt 0:00:01]} 34. Rg3 {[%emt
0:00:01]} g6 {[%emt 0:00:01]} 35. Rh3 {[%emt 0:00:04]} h5 {[%emt 0:00:04]} 36.
Rg3 {[%emt 0:00:01]} Re6 {[%emt 0:00:01]} 37. Rg5+ {[%emt 0:00:05]} Kc4 {[%emt
0:00:01]} 38. Ke3 {[%emt 0:00:02]} Rb3 {[%emt 0:00:04]} 39. Rd4+ {[%emt 0:00:
06]} Kxc3 {[%emt 0:00:01]} 40. Rxe4 {[%emt 0:00:05]} Kc2+ {[%emt 0:00:02]} 41.
Kf4 {[%emt 0:00:01]} Rf6+ {[%emt 0:00:01]} 42. Ke5 {[%emt 0:00:01]} Rbb6 {
[%emt 0:00:01]} 43. Kd4 {[%emt 0:00:09]} Rbd6+ {[%emt 0:00:01]} 44. Ke3 {[%emt
0:00:01]} Rc6 {[%emt 0:00:03]} 45. Ree5 {[%emt 0:00:09]} Kd1 {[%emt 0:00:03]}
46. Rd5+ {[%emt 0:00:03]} Ke1 {[%emt 0:00:02]} 47. Rde5 {[%emt 0:00:08]} Kf1 {
[%emt 0:00:02]} 48. g4 {[%emt 0:00:03]} h4 {[%emt 0:00:01]} 49. Ra5 {[%emt 0:
00:03]} Rce6+ {[%emt 0:00:02]} 50. Rge5 {[%emt 0:00:12]} Kg2 {[%emt 0:00:05]}
51. Rxe6 {[%emt 0:00:02]} Rxe6+ {[%emt 0:00:01]} 52. Kf4 {[%emt 0:00:00]} Kxh2
{[%emt 0:00:02]} 53. Ra2+ {[%emt 0:00:00]} Kh3 {[%emt 0:00:02]} 54. Ra3+ {
[%emt 0:00:01]} Kg2 {[%emt 0:00:01]} 55. Ra2+ {[%emt 0:00:00]} Kf1 {[%emt 0:00:
01]} 56. Rh2 {[%emt 0:00:01]} Kg1 {[%emt 0:00:11]} 57. Rxh4 {[%emt 0:00:01]}
Kg2 {[%emt 0:00:01]} 58. Rh6 {[%emt 0:00:02]} Rc6 {[%emt 0:00:02]} 59. Rh8 {
[%emt 0:00:11]} Rf6+ {[%emt 0:00:05]} 60. Kg5 {[%emt 0:00:01]} Rc6 {[%emt 0:00:
01]} 61. Ra8 {[%emt 0:00:01]} Kf3 {[%emt 0:00:01]} 62. Ra3+ {[%emt 0:00:01]}
Ke4 {[%emt 0:00:01]} 63. Rh3 {[%emt 0:00:01]} Ke5 {[%emt 0:00:02]} 64. Rh6 {
[%emt 0:00:01]} Ke4 {[%emt 0:00:11]} 65. Rxg6 {[%emt 0:00:01]} Rc5+ {[%emt 0:
00:00]} 66. Kh6 {[%emt 0:00:00]} Kf4 {[%emt 0:00:01]} 67. g5 {[%emt 0:00:01]}
Rc8 {[%emt 0:00:02]} 68. Rf6+ {[%emt 0:00:01]} Ke5 {[%emt 0:00:01]} 69. Rf1 {
[%emt 0:00:01]} Rh8+ {[%emt 0:00:04]} 70. Kg7 {[%emt 0:00:01]} Rh4 {[%emt 0:00:
01]} 71. g6 {[%emt 0:00:01]} Ke6 {[%emt 0:00:00]} 72. Re1+ {[%emt 0:00:03]} Kd7
{[%emt 0:00:01]} 73. Re5 {[%emt 0:00:03]} Rf4 {[%emt 0:00:01]} 74. Kh6 {[%emt
0:00:04]} Kd6 {[%emt 0:00:02]} 75. Rg5 {[%emt 0:00:03]} Rh4+ {[%emt 0:00:02]}
76. Rh5 {[%emt 0:00:01]} Rg4 {[%emt 0:00:09]} 77. g7 {[%emt 0:00:04]} Ke7 {
[%emt 0:00:02]} 78. Kh7 {[%emt 0:00:00]} Kf7 {[%emt 0:00:05]} 79. Rf5+ {[%emt
0:00:01]} Ke6 {[%emt 0:00:00]} 80. Rf3 {[%emt 0:00:02]} Rh4+ {[%emt 0:00:01]}
81. Kg8 {[%emt 0:00:02]} Ke7 {[%emt 0:00:01]} 82. Re3+ {[%emt 0:00:02]} Kd7 {
[%emt 0:00:01]} 83. Re5 {[%emt 0:00:02]} Rh1 {[%emt 0:00:03]} 84. Kf7 {[%emt 0:
00:02]} Rf1+ {[%emt 0:00:01]} 85. Kg6 {[%emt 0:00:01]} Rg1+ {[%emt 0:00:01]}
86. Rg5 {[%emt 0:00:01] Us6 resigns} 1-0

[Event "Benidorm Satellite preliminary"]
[Site "playchess.com #007036"]
[Date "2009.10.24"]
[Round "4"]
[White "Chess_Lion"]
[Black "Chesshero045"]
[Result "1/2-1/2"]
[WhiteElo "2278"]
[BlackElo "1738"]
[PlyCount "168"]
[EventDate "2009.10.24"]
[EventType "swiss (blitz)"]

1. e4 {[%emt 0:00:01]} e5 {[%emt 0:00:01]} 2. Nf3 {[%emt 0:00:01]} Nf6 {[%emt
0:00:01]} 3. d4 {[%emt 0:00:02]} exd4 {[%emt 0:00:02]} 4. e5 {[%emt 0:00:03]}
Ne4 {[%emt 0:00:00]} 5. Qxd4 {[%emt 0:00:03]} d5 {[%emt 0:00:00]} 6. exd6 {
[%emt 0:00:02]} Nxd6 {[%emt 0:00:01]} 7. Nc3 {[%emt 0:00:01]} Nc6 {[%emt 0:00:
01]} 8. Qf4 {[%emt 0:00:01]} g6 {[%emt 0:00:02]} 9. Bb5 {[%emt 0:00:23]} Bg7 {
[%emt 0:00:05]} 10. O-O {[%emt 0:00:03]} O-O {[%emt 0:00:01]} 11. Bxc6 {[%emt
0:00:18]} bxc6 {[%emt 0:00:01]} 12. Be3 {[%emt 0:00:01]} Qf6 {[%emt 0:00:12]}
13. Qxf6 {[%emt 0:00:08]} Bxf6 {[%emt 0:00:01]} 14. Bd4 {[%emt 0:00:01]} Bxd4 {
[%emt 0:00:14]} 15. Nxd4 {[%emt 0:00:01]} c5 {[%emt 0:00:00]} 16. Nb3 {[%emt 0:
00:22]} c4 {[%emt 0:00:03]} 17. Nd4 {[%emt 0:00:02]} Bb7 {[%emt 0:00:10]} 18.
f3 {[%emt 0:00:06]} Rfe8 {[%emt 0:00:02]} 19. Kf2 {[%emt 0:00:01]} c5 {[%emt 0:
00:19]} 20. Ndb5 {[%emt 0:00:10]} Nxb5 {[%emt 0:00:18]} 21. Nxb5 {[%emt 0:00:
02]} Red8 {[%emt 0:00:00]} 22. Rad1 {[%emt 0:00:02]} a6 {[%emt 0:00:04]} 23.
Nd6 {[%emt 0:00:03]} Bc6 {[%emt 0:00:14]} 24. Nxc4 {[%emt 0:00:05]} Bb5 {[%emt
0:00:01]} 25. b3 {[%emt 0:00:02]} Bxc4 {[%emt 0:00:01]} 26. bxc4 {[%emt 0:00:
01]} Rab8 {[%emt 0:00:06]} 27. Rd5 {[%emt 0:00:59]} Rxd5 {[%emt 0:00:05]} 28.
cxd5 {[%emt 0:00:02]} Rb2 {[%emt 0:00:01]} 29. Ke3 {[%emt 0:00:08]} Rxc2 {
[%emt 0:00:02]} 30. Rb1 {[%emt 0:00:02]} Kf8 {[%emt 0:00:08]} 31. d6 {[%emt 0:
00:02]} Ke8 {[%emt 0:00:03]} 32. Rb7 {[%emt 0:00:03]} Rxg2 {[%emt 0:00:04]} 33.
Re7+ {[%emt 0:00:02]} Kd8 {[%emt 0:00:01]} 34. Rxf7 {[%emt 0:00:07]} Rxh2 {
[%emt 0:00:01]} 35. Ke4 {[%emt 0:00:01]} Rd2 {[%emt 0:00:06]} 36. Ke5 {[%emt 0:
00:03]} c4 {[%emt 0:00:10]} 37. Ke6 {[%emt 0:00:11]} Re2+ {[%emt 0:00:02]} 38.
Kd5 {[%emt 0:00:01]} c3 {[%emt 0:00:05]} 39. Rxh7 {[%emt 0:00:15]} c2 {[%emt 0:
00:03]} 40. Rh1 {[%emt 0:00:03]} Rd2+ {[%emt 0:00:02]} 41. Kc6 {[%emt 0:00:01]}
c1=Q+ {[%emt 0:00:43] '} 42. Rxc1 {[%emt 0:00:03]} Rd3 {[%emt 0:00:00]} 43. Rh1
{[%emt 0:00:11]} Rc3+ {[%emt 0:00:02]} 44. Kd5 {[%emt 0:00:01]} Rxf3 {[%emt 0:
00:02]} 45. Rh8+ {[%emt 0:00:01]} Kd7 {[%emt 0:00:01]} 46. Rh7+ {[%emt 0:00:01]
} Kd8 {[%emt 0:00:01]} 47. Rg7 {[%emt 0:00:06]} Rd3+ {[%emt 0:00:03]} 48. Ke5 {
[%emt 0:00:01]} Re3+ {[%emt 0:00:01]} 49. Kd4 {[%emt 0:00:01]} Re6 {[%emt 0:00:
01]} 50. Kd5 {[%emt 0:00:01]} Re3 {[%emt 0:00:01]} 51. Rxg6 {[%emt 0:00:02]}
Rd3+ {[%emt 0:00:01]} 52. Kc5 {[%emt 0:00:03]} Rc3+ {[%emt 0:00:01]} 53. Kd4 {
[%emt 0:00:01]} Rc2 {[%emt 0:00:01]} 54. a3 {[%emt 0:00:04]} Ra2 {[%emt 0:00:
04]} 55. Rg3 {[%emt 0:00:06]} Kd7 {[%emt 0:00:02]} 56. Kc5 {[%emt 0:00:01]}
Rc2+ {[%emt 0:00:01]} 57. Kd5 {[%emt 0:00:03]} Rd2+ {[%emt 0:00:01]} 58. Kc5 {
[%emt 0:00:00]} Rc2+ {[%emt 0:00:01]} 59. Kb6 {[%emt 0:00:01]} Kxd6 {[%emt 0:
00:01]} 60. Kxa6 {[%emt 0:00:03]} Kc7 {[%emt 0:00:05]} 61. Rb3 {[%emt 0:00:03]}
Rc6+ {[%emt 0:00:05]} 62. Ka5 {[%emt 0:00:02]} Rc5+ {[%emt 0:00:02]} 63. Ka6 {
[%emt 0:00:01]} Rc6+ {[%emt 0:00:01]} 64. Ka7 {[%emt 0:00:01]} Rc4 {[%emt 0:00:
01]} 65. Rb4 {[%emt 0:00:01]} Rc5 {[%emt 0:00:07]} 66. Ka6 {[%emt 0:00:03]}
Rc6+ {[%emt 0:00:05]} 67. Ka5 {[%emt 0:00:01]} Rc5+ {[%emt 0:00:02]} 68. Ka4 {
[%emt 0:00:01]} Rc6 {[%emt 0:00:03]} 69. Kb3 {[%emt 0:00:02]} Rb6 {[%emt 0:00:
01]} 70. Kc4 {[%emt 0:00:05]} Rxb4+ {[%emt 0:00:06]} 71. axb4 {[%emt 0:00:01]}
Kb6 {[%emt 0:00:03]} 72. b5 {[%emt 0:00:02]} Kb7 {[%emt 0:00:02]} 73. Kb4 {
[%emt 0:00:00]} Kb6 {[%emt 0:00:01]} 74. Ka4 {[%emt 0:00:01]} Kb7 {[%emt 0:00:
01]} 75. Ka5 {[%emt 0:00:00]} Ka7 {[%emt 0:00:00]} 76. Kb4 {[%emt 0:00:00]} Kb6
{[%emt 0:00:01]} 77. Kc4 {[%emt 0:00:01]} Kb7 {[%emt 0:00:02]} 78. Kc5 {[%emt
0:00:01]} Kc7 {[%emt 0:00:01]} 79. b6+ {[%emt 0:00:01]} Kb7 {[%emt 0:00:01]}
80. Kb5 {[%emt 0:00:02]} Kb8 {[%emt 0:00:01]} 81. Ka5 {[%emt 0:00:02]} Kb7 {
[%emt 0:00:01]} 82. Kb5 {[%emt 0:00:00]} Kb8 {[%emt 0:00:01]} 83. Kc6 {[%emt 0:
00:01]} Kc8 {[%emt 0:00:01]} 84. Kd6 {[%emt 0:00:01]} Kb7 {[%emt 0:00:01]
Chess_Lion offers a draw Arbiter Decision (Draw by material)} 1/2-1/2

[Event "Benidorm Satellite preliminary"]
[Site "playchess.com #007036"]
[Date "2009.10.24"]
[Round "5"]
[White "FlorianKull"]
[Black "XxHUTIxx"]
[Result "1-0"]
[WhiteElo "2029"]
[BlackElo "1704"]
[PlyCount "29"]
[EventDate "2009.10.24"]
[EventType "swiss (blitz)"]

1. Nf3 {[%emt 0:00:02]} d5 {[%emt 0:00:01]} 2. c4 {[%emt 0:00:03]} c6 {[%emt 0:
00:02]} 3. d4 {[%emt 0:00:04]} e6 {[%emt 0:00:01]} 4. e3 {[%emt 0:00:03]} Nf6 {
[%emt 0:00:02]} 5. Nc3 {[%emt 0:00:02]} Nbd7 {[%emt 0:00:03]} 6. Qc2 {[%emt 0:
00:01]} Bd6 {[%emt 0:00:06]} 7. b3 {[%emt 0:00:01]} O-O {[%emt 0:00:06]} 8. Bd3
{[%emt 0:00:01]} Re8 {[%emt 0:00:10]} 9. O-O {[%emt 0:00:02]} dxc4 {[%emt 0:00:
05]} 10. bxc4 {[%emt 0:00:02]} b6 {[%emt 0:00:16]} 11. Bb2 {[%emt 0:00:02]} Bb7
{[%emt 0:00:02]} 12. e4 {[%emt 0:00:01]} Nf8 {[%emt 0:00:03]} 13. e5 {[%emt 0:
00:03]} Be7 {[%emt 0:00:18]} 14. exf6 {[%emt 0:00:03]} Bxf6 {[%emt 0:00:01]}
15. Ne4 {[%emt 0:00:03] XxHUTIxx resigns} 1-0

[Event "Benidorm Satellite preliminary"]
[Site "playchess.com #007036"]
[Date "2009.10.24"]
[Round "5"]
[White "Sff3"]
[Black "Kampfgeist"]
[Result "1-0"]
[WhiteElo "1704"]
[BlackElo "1342"]
[PlyCount "41"]
[EventDate "2009.10.24"]
[EventType "swiss (blitz)"]

1. d4 {[%emt 0:00:01]} Nf6 {[%emt 0:00:03]} 2. Nf3 {[%emt 0:00:01]} g6 {[%emt
0:00:01]} 3. Bg5 {[%emt 0:00:02]} Ne4 {[%emt 0:00:04]} 4. Bh4 {[%emt 0:00:01]}
Bg7 {[%emt 0:00:09]} 5. Nbd2 {[%emt 0:00:01]} d5 {[%emt 0:00:08]} 6. e3 {[%emt
0:00:03]} c5 {[%emt 0:00:06]} 7. c3 {[%emt 0:00:02]} Nc6 {[%emt 0:00:03]} 8.
Bd3 {[%emt 0:00:01]} f5 {[%emt 0:00:06]} 9. O-O {[%emt 0:00:06]} O-O {[%emt 0:
00:04]} 10. Ng5 {[%emt 0:00:06]} Nxg5 {[%emt 0:00:12]} 11. Bxg5 {[%emt 0:00:01]
} c4 {[%emt 0:00:03]} 12. Bc2 {[%emt 0:00:03]} Qd6 {[%emt 0:00:04]} 13. Nf3 {
[%emt 0:00:04]} e5 {[%emt 0:00:03]} 14. dxe5 {[%emt 0:00:01]} Nxe5 {[%emt 0:00:
02]} 15. Nxe5 {[%emt 0:00:01]} Bxe5 {[%emt 0:00:04]} 16. h3 {[%emt 0:00:01]}
Kg7 {[%emt 0:00:06]} 17. b3 {[%emt 0:00:19]} Bxc3 {[%emt 0:00:07]} 18. bxc4 {
[%emt 0:00:01]} Bxa1 {[%emt 0:00:02]} 19. Qxa1+ {[%emt 0:00:00]} Kg8 {[%emt 0:
00:09]} 20. cxd5 {[%emt 0:00:03]} Qxd5 {[%emt 0:00:11]} 21. Bb3 {[%emt 0:00:01]
Kampfgeist gibt auf} 1-0

[Event "Benidorm Satellite preliminary"]
[Site "playchess.com #007036"]
[Date "2009.10.24"]
[Round "5"]
[White "Wethalon"]
[Black "DiabloAmarillo"]
[Result "1-0"]
[WhiteElo "2442"]
[BlackElo "1861"]
[PlyCount "45"]
[EventDate "2009.10.24"]
[EventType "swiss (blitz)"]

1. e4 {[%emt 0:00:01]} c5 {[%emt 0:00:01]} 2. Nc3 {[%emt 0:00:01]} Nc6 {[%emt
0:00:02]} 3. g3 {[%emt 0:00:00]} g6 {[%emt 0:00:01]} 4. Bg2 {[%emt 0:00:00]}
Bg7 {[%emt 0:00:01]} 5. d3 {[%emt 0:00:00]} e6 {[%emt 0:00:01]} 6. Be3 {[%emt
0:00:00]} d6 {[%emt 0:00:03]} 7. Qd2 {[%emt 0:00:01]} Nf6 {[%emt 0:00:08]} 8.
h3 {[%emt 0:00:03]} O-O {[%emt 0:00:05]} 9. f4 {[%emt 0:00:02]} Bd7 {[%emt 0:
00:07]} 10. Nf3 {[%emt 0:00:02]} a6 {[%emt 0:00:01]} 11. O-O {[%emt 0:00:02]}
b5 {[%emt 0:00:00]} 12. e5 {[%emt 0:00:02]} dxe5 {[%emt 0:00:02]} 13. fxe5 {
[%emt 0:00:01]} Nd5 {[%emt 0:00:04]} 14. Bxc5 {[%emt 0:00:08]} Re8 {[%emt 0:00:
04]} 15. d4 {[%emt 0:00:17]} Rb8 {[%emt 0:00:11]} 16. Ne4 {[%emt 0:00:03]} Qa5
{[%emt 0:00:19]} 17. c3 {[%emt 0:00:03]} Nce7 {[%emt 0:00:21]} 18. Nfg5 {[%emt
0:00:06]} h6 {[%emt 0:00:02]} 19. Nxf7 {[%emt 0:00:06]} Rf8 {[%emt 0:00:05]}
20. Nxh6+ {[%emt 0:00:04]} Bxh6 {[%emt 0:00:11]} 21. Qxh6 {[%emt 0:00:02]}
Rxf1+ {[%emt 0:00:00]} 22. Rxf1 {[%emt 0:00:02]} Ne3 {[%emt 0:00:02]} 23. Qxe3
{[%emt 0:00:03] DiabloAmarillo rinde} 1-0

[Event "Benidorm Satellite preliminary"]
[Site "playchess.com #007036"]
[Date "2009.10.24"]
[Round "5"]
[White "Chesshero045"]
[Black "KVR"]
[Result "0-1"]
[WhiteElo "1753"]
[BlackElo "2532"]
[PlyCount "40"]
[EventDate "2009.10.24"]
[EventType "swiss (blitz)"]

1. e4 {[%emt 0:00:01]} e6 {[%emt 0:00:01]} 2. d4 {[%emt 0:00:01]} d5 {[%emt 0:
00:01]} 3. exd5 {[%emt 0:00:01]} exd5 {[%emt 0:00:01]} 4. c4 {[%emt 0:00:01]}
Nf6 {[%emt 0:00:01]} 5. Nf3 {[%emt 0:00:01]} c6 {[%emt 0:00:02]} 6. Nc3 {[%emt
0:00:01]} Bd6 {[%emt 0:00:01]} 7. Bd3 {[%emt 0:00:02]} O-O {[%emt 0:00:01]} 8.
O-O {[%emt 0:00:00]} dxc4 {[%emt 0:00:01]} 9. Bxc4 {[%emt 0:00:01]} Bg4 {[%emt
0:00:02]} 10. Bg5 {[%emt 0:00:03]} Nbd7 {[%emt 0:00:02]} 11. Ne4 {[%emt 0:00:
09]} Bc7 {[%emt 0:00:19]} 12. h3 {[%emt 0:00:20]} Bh5 {[%emt 0:00:03]} 13. Qb3
{[%emt 0:00:18]} b5 {[%emt 0:00:09]} 14. Bd3 {[%emt 0:00:09]} Bxf3 {[%emt 0:00:
03]} 15. gxf3 {[%emt 0:00:01]} h6 {[%emt 0:00:05]} 16. Bh4 {[%emt 0:00:02]} Re8
{[%emt 0:00:06]} 17. d5 {[%emt 0:00:09]} cxd5 {[%emt 0:00:04]} 18. Nxf6+ {
[%emt 0:00:02]} Nxf6 {[%emt 0:00:02]} 19. Qxb5 {[%emt 0:00:01]} Rb8 {[%emt 0:
00:06]} 20. Bxf6 {[%emt 0:00:03]} Qd6 {[%emt 0:00:12] Chesshero045 gibt auf}
0-1

[Event "Benidorm Satellite preliminary"]
[Site "playchess.com #007036"]
[Date "2009.10.24"]
[Round "5"]
[White "Slobster"]
[Black "Jason999"]
[Result "1/2-1/2"]
[WhiteElo "1659"]
[BlackElo "1576"]
[PlyCount "39"]
[EventDate "2009.10.24"]
[EventType "swiss (blitz)"]

1. e4 {[%emt 0:00:06]} c5 {[%emt 0:00:02]} 2. Nf3 {[%emt 0:00:00]} d6 {[%emt 0:
00:01]} 3. d4 {[%emt 0:00:00]} cxd4 {[%emt 0:00:01]} 4. Nxd4 {[%emt 0:00:00]}
Nf6 {[%emt 0:00:01]} 5. Nc3 {[%emt 0:00:00]} g6 {[%emt 0:00:01]} 6. Bg5 {[%emt
0:00:03]} Bg7 {[%emt 0:00:01]} 7. Be2 {[%emt 0:00:02]} Nc6 {[%emt 0:00:04]} 8.
Nb3 {[%emt 0:00:01]} O-O {[%emt 0:00:03]} 9. O-O {[%emt 0:00:01]} Be6 {[%emt 0:
00:03]} 10. Qd2 {[%emt 0:00:02]} Rc8 {[%emt 0:00:07]} 11. Bh6 {[%emt 0:00:01]}
Ne5 {[%emt 0:00:25]} 12. Bxg7 {[%emt 0:00:03]} Kxg7 {[%emt 0:00:02]} 13. Rad1 {
[%emt 0:00:10]} Nc4 {[%emt 0:00:14]} 14. Bxc4 {[%emt 0:00:01]} Bxc4 {[%emt 0:
00:02]} 15. Qd4 {[%emt 0:00:05]} Bxf1 {[%emt 0:00:04]} 16. Rxf1 {[%emt 0:00:02]
} Qb6 {[%emt 0:00:06]} 17. Qd3 {[%emt 0:00:03]} Nd7 {[%emt 0:00:30]} 18. h3 {
[%emt 0:00:02]} Ne5 {[%emt 0:00:05]} 19. Qd1 {[%emt 0:00:05]} Nc4 {[%emt 0:00:
08]} 20. Nd5 {[%emt 0:00:08] Jason999 offers a draw} 1/2-1/2

[Event "Benidorm Satellite preliminary"]
[Site "playchess.com #007036"]
[Date "2009.10.24"]
[Round "5"]
[White "Daisuke"]
[Black "Scottie"]
[Result "0-1"]
[WhiteElo "1823"]
[BlackElo "2255"]
[PlyCount "36"]
[EventDate "2009.10.24"]
[EventType "swiss (blitz)"]

1. Nc3 {[%emt 0:00:02]} Nf6 {[%emt 0:00:02]} 2. e4 {[%emt 0:00:02]} e5 {[%emt
0:00:00]} 3. d4 {[%emt 0:00:09]} exd4 {[%emt 0:00:03]} 4. Qxd4 {[%emt 0:00:01]}
Nc6 {[%emt 0:00:01]} 5. Qa4 {[%emt 0:00:03]} Bb4 {[%emt 0:00:02]} 6. Qb3 {
[%emt 0:00:02]} O-O {[%emt 0:00:07]} 7. Bd3 {[%emt 0:00:02]} d5 {[%emt 0:00:03]
} 8. exd5 {[%emt 0:00:02]} Re8+ {[%emt 0:00:04]} 9. Nge2 {[%emt 0:00:02]} Bxc3+
{[%emt 0:00:02]} 10. Qxc3 {[%emt 0:00:03]} Nxd5 {[%emt 0:00:04]} 11. Qb3 {
[%emt 0:00:04]} Nd4 {[%emt 0:00:05]} 12. Qc4 {[%emt 0:00:11]} Nb6 {[%emt 0:00:
32]} 13. Qc3 {[%emt 0:00:10]} Bg4 {[%emt 0:00:23]} 14. Be3 {[%emt 0:00:04]}
Nxe2 {[%emt 0:00:10]} 15. Bxe2 {[%emt 0:00:01]} Nd5 {[%emt 0:00:04]} 16. Qd2 {
[%emt 0:00:05]} Nxe3 {[%emt 0:00:04]} 17. Qxd8 {[%emt 0:00:04]} Nxg2+ {[%emt 0:
00:09]} 18. Kf1 {[%emt 0:00:02]} Bxe2+ {[%emt 0:00:03] Daisuke gibt auf} 0-1